Country by Mountain - Statistics

General Stats
  • This quiz has been taken 35 times
  • The average score is 8 of 9
Answer Stats
Mountain Country % Correct
Everest Nepal
100%
Blanc France
97%
Fuji Japan
97%
Kilimanjaro Tanzania
97%
Matterhorn Switzerland
94%
K2 Pakistan
91%
Denali United States of America
88%
Elbrus Russia
79%
Chimborazo Ecuador
62%
No matching quizzes found
Score Distribution
Percent of People with Each Score
Percentile by Number Answered
Your Score History
You have not taken this quiz